Statistics for Countries that have beaten Argentina at FIFA World Cup (football)

Click here to take the quiz!

General Stats

  • This quiz has been taken 2,356 times
    (993 since last reset)
  • The average score is 18 of 25

Answer Stats

HintAnswer% Correct
20183-4France
98%
20140-1 (aet)Germany
96%
20100-4Germany
96%
20061-2 (pen)Germany
96%
19821-3Brazil
93%
19741-2Brazil
93%
20221-2Saudi Arabia
89%
19302-4Uruguay
89%
19623-1England
87%
19660-1England
87%
20020-1England
87%
19780-1Italy
87%
19821-2Italy
87%
20180-3Croatia
82%
19981-2Holland
78%
19740-4Holland
78%
19820-1Belgium
61%
19342-3Sweden
59%
19742-3Poland
51%
19900-1West Germany
39%
19581-3West Germany
39%
19900-1Cameroon
38%
19942-3Romania
38%
19940-2Bulgaria
37%
19581-6Czechoslovakia
31%

Score Distribution

Percentile by Number Answered

Percent of People with Each Score

Your Score History

You have not taken this quiz since the last reset